书目信息 |
| 题名: |
国营林业计划管理
|
|
| 作者: | 刘壮飞 编著 | |
| 分册: | ||
| 出版信息: | 北京 中国林业出版社 1983 |
|
| 页数: | 112页 | |
| 开本: | 19cm | |
| 丛书名: | 林业经济管理丛书 | |
| 单 册: | ||
| 中图分类: | F326.25 | |
| 科图分类: | ||
| 主题词: | 国营林场-计划管理--中国 , 计划管理-国营林场--中国 | |
| 电子资源: | ||
| ISBN: | 4046.1019 | |
| 000 | 00749oam2 2200265 450 | |
| 001 | 0183002571 | |
| 005 | 20100712220437.0 | |
| 010 | @a4046.1019@dCNY0.40 | |
| 091 | @a4046.1019 | |
| 100 | @a19950621d1983 em y0chiy0110 ea | |
| 101 | 0 | @achi |
| 102 | @aCN@b110000 | |
| 105 | @ay z 000yy | |
| 106 | @ar | |
| 200 | 1 | @a国营林业计划管理@9Guo Ying Lin Ye Ji Hua;Huai Guan Li @f刘壮飞编著 |
| 210 | @a北京@c中国林业出版社@d1983 | |
| 215 | @a112页@d19cm | |
| 225 | 2 | @a林业经济管理丛书 |
| 461 | 0 | @12001 @a林业经济管理丛书 |
| 606 | 0 | @a国营林场-计划管理@y中国 |
| 606 | 0 | @a计划管理-国营林场@y中国 |
| 690 | @aF326.25@v3 | |
| 701 | 0 | @a刘壮飞@9liu zhuang fei@4编著 |
| 801 | 0 | @aCN@bAzMarc@c20130904 |
| 905 | @aBZT@dF326.25@e1@f5@sF326.25/1 | |
| 国营林业计划管理/刘壮飞编著.-北京:中国林业出版社,1983 |
| 112页;19cm.-(林业经济管理丛书) |
| ISBN 4046.1019:CNY0.40 |
| ● |
| 相关链接 |
|
|
|
正题名:国营林业计划管理
索取号:F326.25/1
 
预约/预借
| 序号 | 登录号 | 条形码 | 馆藏地/架位号 | 状态 | 备注 |
| 1 | 2000109283 | 2000109283 | 旧书回溯/ [索取号:F326.25/1] | 在馆 | |
| 2 | 2000109284 | 2000109284 | 旧书回溯/ [索取号:F326.25/1] | 在馆 | |
| 3 | 2000109285 | 2000109285 | 旧书回溯/ [索取号:F326.25/1] | 在馆 | |
| 4 | 2000109286 | 2000109286 | 旧书回溯/ [索取号:F326.25/1] | 在馆 | |
| 5 | 2000109287 | 2000109287 | 旧书回溯/ [索取号:F326.25/1] | 在馆 |